Datum a čas kvízu
31.5
Celkem bodů
Celkový počet nahraných bodů na tomto kvízu bez doplňovacích otázek.
1.
Pořadí na kvízu
Konečné umístění týmu na tomto kvízu.
Zaznamenané odpovědi
| # | Otázka | Odpověď | Body | Výsledky |
|---|---|---|---|---|
| 1. | V sobotu byla v ostravském Gon... | 1 | ||
| 2. | Věznice ve městě Boram na seve... | 1 | ||
| 3. | Britští filmaři u nás v minulý... | 1 | ||
| 4. | Tabákový gigant Philip Morris... | 0 | ||
| 5. | Konec kariéry ohlásil minulý t... | 0 | ||
| 6. | Toto téma je dalším, které jst... | 0 | ||
| 7. | Napište název básně ze sbírky... | 0 | ||
| 5. | Doplňte zcela přesně jméno z t... | 0 | ||
| 5. | Velmi osobitou postavou české... | 0 | ||
| 10. | Ve šlépějích známého českého s... | 0 |